Agamemnon (Record no. 60533)

MARC details
000 -LEADER
campo de control de longitud fija 00733nam a2200229 i 4500
001 - NÚMERO DE CONTROL
campo de control 60533
003 - IDENTIFICADOR DE NÚMERO DE CONTROL
campo de control ES-MaACL
007 - CAMPO FIJO DE DESCRIPCIÓN FÍSICA--INFORMACIÓN GENERAL
campo de control de longitud fija t|
008 - DATOS DE LONGITUD FIJA--INFORMACIÓN GENERAL
campo de control de longitud fija 031105s1925 fr ||||1| fre d
100 1# - ENTRADA PRINCIPAL--NOMBRE DE PERSONA
Nombre de persona Esquilo.
9 (RLIN) 47970
245 10 - MENCIÓN DEL TÍTULO
Título Agamemnon
Resto del título : ; Les choéphores ; Les euménides /
Mención de responsabilidad, etc. Eschyle ; texte établiet traduit par Paul Mazon.
260 ## - PUBLICACIÓN, DISTRIBUCIÓN, ETC.
Lugar de publicación, distribución, etc. Paris :
Nombre del editor, distribuidor, etc. Societé d'Edition "Les Belles Lettres",
Fecha de publicación, distribución, etc. 1925 (
Fabricante Vaugirard)
300 ## - DESCRIPCIÓN FÍSICA
Extensión XXVIII, 172 p.
490 1# - MENCIÓN DE SERIE
Mención de serie Collection des Universités de France
500 ## - NOTA GENERAL
Nota general Tome II.
700 1# - ENTRADA AGREGADA--NOMBRE PERSONAL
Nombre de persona Mazon, Paul.
9 (RLIN) 79487
740 4# - ENTRADA AGREGADA--TÍTULO RELACIONADO/ANALÍTICO NO CONTROLADO
Título relacionado o analítico no controlado Les choéphores.
740 4# - ENTRADA AGREGADA--TÍTULO RELACIONADO/ANALÍTICO NO CONTROLADO
Título relacionado o analítico no controlado Les euménides.
830 0# - PUNTO DE ACCESO ADICIONAL DE SERIE-TÍTULO UNIFORME
Título uniforme Collection des Universités de France
9 (RLIN) 180876
852 ## - LOCALIZACIÓN
Ubicación ES-MaACL
Número de control de estantería C-7840
Holdings
Estatus retirado Estado de pérdida Estado de daño No para préstamo Biblioteca de origen Biblioteca actual Ubicación en estantería Fecha de adquisición Fuente de adquisición Total de préstamos Signatura topográfica completa Código de barras Visto por última vez Precio de reemplazo Tipo de ítem Koha
        Biblioteca del Ateneo de Madrid Biblioteca del Ateneo de Madrid Sala Palomar 17/01/2008     C-7840 1063486 23/02/2023 23/02/2023 Libro impreso